| 000 | 02010nam a22004452 4500 | ||
|---|---|---|---|
| 001 | 0000024511 | ||
| 005 | 20151217154511.0 | ||
| 008 | 131219s xx 000 0 eng d | ||
| 020 | _a0199652006 : | ||
| 040 |
_aKABU _cKABU |
||
| 100 | 1 |
_aGerber, David J. _@0000184732 |
|
| 245 | 1 | 0 |
_aGlobal competition : _blaw, markets, and globalization / _cDavid J. Gerber. |
| 250 | _a1st ed. | ||
| 260 |
_aOxford : _bO. U. P., _c2010. |
||
| 300 | _axx, 394 p. | ||
| 650 | 0 |
_aRestraint of trade. _@0000164396 |
|
| 650 | 0 |
_aAntitrust law. _@0000164397 |
|
| 852 | 1 | _9p2700 KES | |
| 852 | 1 | _9p2700 KES | |
| 852 | 1 | _9p2700 KES | |
| 852 | 1 | _9p2700 KES | |
| 852 | 1 | _9p2700 KES | |
| 852 | 1 | _9p2700 KES | |
| 852 | 1 | _9p2700 KES | |
| 852 | 1 | _9p2700 KES | |
| 852 | 1 | _9p2700 KES | |
| 852 | 1 | _9p2700 KES | |
| 852 | 1 | _9p2700 KES | |
| 852 | 1 | _9p2700 KES | |
| 852 | 1 | _9p2700 KES | |
| 852 | 1 | _9p2700 KES | |
| 852 | 1 | _9p2700 KES | |
| 852 | 1 | _9p2700 KES | |
| 852 | 1 | _9p2700 KES | |
| 852 | 1 | _9p2700 KES | |
| 852 | 1 | _9p2700 KES | |
| 852 | 1 | _9p2700 KES | |
| 908 | _a131219 | ||
| 950 | _@1 | ||
| 999 |
_c11563 _d11563 |
||